Quest for the original bharata samhita and mahabharata story / (Record no. 125290)

MARC details
000 -LEADER
fixed length control field 00723nam a22002297a 4500
005 - DATE AND TIME OF LATEST TRANSACTION
control field 20170124105951.0
010 ## - LIBRARY OF CONGRESS CONTROL NUMBER
LC control number A-760020
020 ## - INTERNATIONAL STANDARD BOOK NUMBER
Terms of availability 275.00
035 ## - SYSTEM CONTROL NUMBER
System control number A-760020
037 ## - SOURCE OF ACQUISITION
Source of stock number/acquisition Cen Lib/Ret
040 ## - CATALOGING SOURCE
Original cataloging agency DPL
Language of cataloging EN
082 ## - DEWEY DECIMAL CLASSIFICATION NUMBER
Classification number 230.1
Item number SEN
100 ## - MAIN ENTRY--PERSONAL NAME
Personal name Sen, Sisir Kumar
9 (RLIN) 13621
245 ## - TITLE STATEMENT
Title Quest for the original bharata samhita and mahabharata story /
Statement of responsibility, etc by Sisir Kumar Sen
246 ## - VARYING FORM OF TITLE
Remainder of title
260 ## - PUBLICATION, DISTRIBUTION, ETC. (IMPRINT)
Name of publisher, distributor, etc Bahratiya Vidya Bhawan
Place of publication, distribution, etc Bombay
Date of publication, distribution, etc 1995
270 ## - ADDRESS
Address Kulpati Munshi Marg
City Bombay
Postal code 400007
300 ## - PHYSICAL DESCRIPTION
Extent 534p.
Dimensions 21cm(Hb)
650 ## - SUBJECT ADDED ENTRY--TOPICAL TERM
Topical term or geographic name as entry element Mahābhārata -- Criticism and interpretation.
9 (RLIN) 13622
650 ## - SUBJECT ADDED ENTRY--TOPICAL TERM
Topical term or geographic name as entry element Krishna (Hindu deity)
9 (RLIN) 13623
942 ## - ADDED ENTRY ELEMENTS (KOHA)
Source of classification or shelving scheme Dewey Decimal Classification
Koha item type English Books
Classification part 230.1
Call number suffix SEN
Holdings
Withdrawn status Lost status Damaged status Not for loan Home library Current library Date acquired Source of acquisition Cost, normal purchase price Total Checkouts Full call number Barcode Date last seen Date checked out Copy number Cost, replacement price Price effective from Koha item type
        Central Library Central Library 20/06/2015 Cen Lib/Ret 275.00 1 230.1 SEN A-760020 01/06/2017 12/05/2017 1 275.00 20/06/2015 English Books

© Delhi Public Library
Hit Counter
free hit counter